000 00610cam a2200229ua 4500
001 20196
008 181121n II |||gr||||Z||||||asm
040 _aMAIN
041 _aEnglish
041 _aasm
082 _a320 GOH
100 _aGOHAIN, NABIN.
245 _aSNATAK MAHALAR ASOMAR PRASANGARE UTTAR-PUB BHARATAR RAJNITY (For 4th Semester-6th Paper--Major)
250 _a2nd Rev.
260 _aJORHAT:
_bBIDYA BHAWAN,
_c2014.
300 _a304:
_c20CM.
653 _aPolitical science
700 _aGOGOI, TRAILUKYA.
700 _aHAZARIKA, KUNDAN.
700 _aNATH, BHRIGUMONI.
942 _cBK
999 _c20058
_d20058